Les Amekage (NarutoRP) - Statistiques

Statistiques générales
  • Ce quiz a été pris 403 fois
  • Le résultat moyen est 5 sur 7
Statistiques - réponses
Hint Réponse % Correct
4eme Amekage Azura Kaguya
95%
5eme Amekage Taka Fuma
88%
7eme Amekage Nobu de la Salamandre
86%
6eme Amekage Hebii
84%
3eme Amekage Sei Fuma
57%
1ere Amekage Aoki de la Salamandre
29%
2eme Amekage Tatsumi Fuma
28%
Aucun quiz correspondant
Distribution des résultats
% des personnes avec chaque résultat
Percentile par nombre de réponses
Votre historique - résultats
Vous n’avez pas pris ce quiz